Normal view
MARC view
Entry Topical Term
001 - CONTROL NUMBER
- control field: 55145
003 - CONTROL NUMBER IDENTIFIER
- control field: OSt
005 - DATE AND TIME OF LATEST TRANSACTION
- control field: 20241104160449.0
008 - FIXED-LENGTH DATA ELEMENTS
- fixed length control field: 241104|| aca||aabn | a|a d
040 ## - CATALOGING SOURCE
- Original cataloging agency: OSt
- Transcribing agency: OSt
150 ## - HEADING--TOPICAL TERM
- Topical term or geographic name entry element: ရွှေစက်တော်ဘုရား
- Form subdivision: သမိုင်း
670 ## - SOURCE DATA FOUND
- Source citation: Work cat.: (OSt)16641: တင်ရှိန်၊ ဦး။ 53538, ပါဒစေတီ ရွှေစက်တော်သမိုင်းကြီး /, ၁၉၆၈။